LEADER 02987nam 2200637 450 001 9910790755803321 005 20200520144314.0 010 $a0-7391-8354-0 035 $a(CKB)2550000001166954 035 $a(EBL)1574400 035 $a(OCoLC)864746193 035 $a(SSID)ssj0001060732 035 $a(PQKBManifestationID)12443537 035 $a(PQKBTitleCode)TC0001060732 035 $a(PQKBWorkID)11105909 035 $a(PQKB)10416600 035 $a(MiAaPQ)EBC1574400 035 $a(Au-PeEL)EBL1574400 035 $a(CaPaEBR)ebr10816108 035 $a(CaONFJC)MIL548345 035 $a(iGPub)ROWMANB0005691 035 $a(EXLCZ)992550000001166954 100 $a20131218d2014 uy 0 101 0 $aeng 135 $aur|n|---||||| 181 $ctxt 182 $cc 183 $acr 200 10$aClimate change in Bangladesh $econfronting impending disasters /$fHarun Rashid and Bimal Paul 210 1$aLanham, Maryland ;$aPlymouth, England :$cLexington Books,$d2014. 210 4$d©2014 215 $a234 p 300 $aDescription based upon print version of record. 311 $a0-7391-8353-2 311 $a1-306-17094-X 320 $aIncludes bibliographical references and index. 327 $aContents; Figures; Abbreviations; Preface; 1 Introduction; 2 Impacts on Air Temperature, Precipitation, and Sea Level; 3 Impacts on Tropical Cyclones and Coping Strategies; 4 Impacts on Floods and Coping Strategies; 5 Impacts on Droughts and Coping Strategies; 6 Climate Change Victims and Climate Justice; 7 Climate Refugees; 8 Confronting Climate Change through Disaster Management Initiatives; 9 Confronting Sea Level Rise through Adaptation; 10 Summary and Conclusions; Appendix 1: Map of Districts of Bangladesh 327 $aAppendix 2: Population, Area, and Population Density of Districts of Bangladesh, 2013References Cited; Index; About the Authors 330 $aThis book provides an essential interdisciplinary text on climate change and sea level rise in Bangladesh for undergraduate and graduate students of geography, environmental studies, sociology, anthropology, political science and others. Furthermore, it is an invaluable resource for managers and planners of the government of Bangladesh and several international agencies, including the United Nations, UNDP, UNEP, ADB, who are involved in climate change mitigation and adaptation. 606 $aClimate change mitigation$zBangladesh 606 $aClimatic changes$zBangladesh 606 $aSea level$zBangladesh 607 $aBangladesh$xClimate 615 0$aClimate change mitigation 615 0$aClimatic changes 615 0$aSea level 676 $a363.738/74095492 700 $aRashid$b Harun$f1943-$01582061 701 $aPaul$b Bimal Kanti$0865560 801 0$bMiAaPQ 801 1$bMiAaPQ 801 2$bMiAaPQ 906 $aBOOK 912 $a9910790755803321 996 $aClimate change in Bangladesh$93864049 997 $aUNINA LEADER 02272nas 2200721 a 450 001 996198051103316 005 20231101152315.0 011 $a1553-5622 035 $a(CKB)954925403627 035 $a(CONSER) 2001227375 035 $a(MiAaPQ)30777 035 $a(OCoLC)48531965 035 $a(DE-599)ZDB2064066-3 035 $a(EXLCZ)99954925403627 100 $a20011205a19329999 sy a 101 0 $aeng 135 $auran||||||||| 181 $ctxt$2rdacontent 182 $cc$2rdamedia 183 $acr$2rdacarrier 200 10$aHesperia 210 $aCambridge, Mass. $cHarvard University Press$d1932- 300 $aRefereed/Peer-reviewed 300 $aTitle from title screen (viewed Dec. 5, 2001). 300 $aImprint: Athens, Greece ; Princeton, N.J. : American School of Classical Studies at Athens, vol. 3, no. 2- 300 $aSome issues also have a theme title. 311 $a0018-098X 606 $aExcavations (Archaeology)$zGreece$vPeriodicals 606 $aFouilles (Arche?ologie) 606 $aAntiquities$2fast$3(OCoLC)fst00810745 606 $aCivilization$2fast$3(OCoLC)fst00862898 606 $aExcavations (Archaeology)$2fast$3(OCoLC)fst00917564 606 $aCultuurgeschiedenis$2gtt 606 $aArcheologie$2gtt 606 $aOpgravingen$2gtt 606 $aKunst$2gtt 606 $aInscripties$2gtt 606 $aOudheid$2gtt 607 $aGreece$xAntiquities$vPeriodicals 607 $aGreece$xCivilization$yTo 146 B.C$vPeriodicals 607 $aGre?ce$xAntiquite?s 607 $aGre?ce$xCivilisation$yJusqu'a? 146 av. J.-C 607 $aGrecja$2dbn 607 $aGreece$2fast 608 $aPeriodicals.$2fast 608 $aPeriodicals.$2lcgft 615 0$aExcavations (Archaeology) 615 6$aFouilles (Arche?ologie) 615 7$aAntiquities. 615 7$aCivilization. 615 7$aExcavations (Archaeology) 615 17$aCultuurgeschiedenis. 615 17$aArcheologie. 615 17$aOpgravingen. 615 17$aKunst. 615 17$aInscripties. 615 17$aOudheid. 676 $a949.5 712 02$aAmerican School of Classical Studies at Athens, 906 $aJOURNAL 912 $a996198051103316 996 $aHesperìa$984989 997 $aUNISA